|
|
|
|
| LEADER |
00000cam a2200000 7i4500 |
| 001 |
0000000321 |
| 005 |
20131212.0 |
| 090 |
0 |
0 |
|a MR338.9595
|b MAL 1998
|
| 110 |
1 |
0 |
|a MALAYSIA
|c Economic Planning Unit
|
| 245 |
1 |
0 |
|a National economic recovery plan :
|b Agenda for action
|c National Economic Action Council, Economic Planning Unit
|
| 260 |
0 |
0 |
|a Kuala Lumpur :
|b Unit Perancang Ekonomi, Jabatan Perdana Menteri ,
|c 1998
|
| 300 |
|
|
|a xiii, 229 p. ;
|c 27 cm.
|
| 650 |
0 |
0 |
|a Economic stabilization
|z Malaysia
|
| 651 |
0 |
0 |
|a Malaysia
|x Economic policy
|y 21th century
|
| 710 |
1 |
1 |
|a Jabatan Perdana Menteri ,
|c Unit Perancang Ekonomi
|
| 710 |
1 |
1 |
|a National Economic Action Council
|
| 999 |
|
|
|a 0000001489
|b Monograph
|c Reference
|e Default branch
|
| 999 |
|
|
|a 0000006536
|b Monograph
|c Open Shelf
|e Default branch
|